MARC details
| 000 -LEADER |
| fixed length control field |
05061cam a2200433 i 4500 |
| 001 - CONTROL NUMBER |
| control field |
21226572 |
| 003 - CONTROL NUMBER IDENTIFIER |
| control field |
CSPC |
| 005 - DATE AND TIME OF LATEST TRANSACTION |
| control field |
20250904160450.0 |
| 008 - FIXED-LENGTH DATA ELEMENTS--GENERAL INFORMATION |
| fixed length control field |
191003s2020 nyu b 001 0 eng |
| 010 ## - LIBRARY OF CONGRESS CONTROL NUMBER |
| LC control number |
2019043714 |
| 020 ## - INTERNATIONAL STANDARD BOOK NUMBER |
| International Standard Book Number |
9781032081861 |
| 035 ## - SYSTEM CONTROL NUMBER |
| System control number |
21226572 |
| 040 ## - CATALOGING SOURCE |
| Original cataloging agency |
DLC |
| Language of cataloging |
eng |
| Transcribing agency |
DLC |
| Description conventions |
rda |
| Modifying agency |
DLC |
| -- |
CSPC |
| 042 ## - AUTHENTICATION CODE |
| Authentication code |
pcc |
| 050 00 - LIBRARY OF CONGRESS CALL NUMBER |
| Classification number |
HD6955 |
| Item number |
.B874 2020 |
| 082 00 - DEWEY DECIMAL CLASSIFICATION NUMBER |
| Classification number |
174.4 |
| Item number |
B964 |
| Edition number |
23 |
| 245 00 - TITLE STATEMENT |
| Title |
Business ethics and care in organizations / |
| Statement of responsibility, etc. |
edited by Marianna Fotaki, Gazi Islam, and Anne Antoni. |
| 264 #1 - PRODUCTION, PUBLICATION, DISTRIBUTION, MANUFACTURE, AND COPYRIGHT NOTICE |
| Place of production, publication, distribution, manufacture |
New York, NY ; |
| -- |
Abingdon, Oxon : |
| Name of producer, publisher, distributor, manufacturer |
Routledge, |
| Date of production, publication, distribution, manufacture, or copyright notice |
2020. |
| 300 ## - PHYSICAL DESCRIPTION |
| Extent |
vii, 297 pages ; |
| Dimensions |
24 cm. |
| 336 ## - CONTENT TYPE |
| Content type term |
text |
| Content type code |
txt |
| Source |
rdacontent |
| 337 ## - MEDIA TYPE |
| Media type term |
unmediated |
| Media type code |
n |
| Source |
rdamedia |
| 338 ## - CARRIER TYPE |
| Carrier type term |
volume |
| Carrier type code |
nc |
| Source |
rdacarrier |
| 490 0# - SERIES STATEMENT |
| Series statement |
Routledge studies in business ethics ; |
| Volume/sequential designation |
20 |
| 504 ## - BIBLIOGRAPHY, ETC. NOTE |
| Bibliography, etc. note |
Includes bibliographical references and index. |
| 505 0# - FORMATTED CONTENTS NOTE |
| Formatted contents note |
Part I. Overview -- The contested notions and meaning of care: an overview -- Part II. Philosophical underpinnings and theories of care -- Making people grow: a new understanding of organisational ethics with Deleuze and Guattari -- Between care and justice: David Hume's accounts of sympathy -- The contribution of Simone Weil to the enrichment of the ethics of care: revisiting the notion of "dialogue" -- The dark side of work in organisations: the lived experience of suffering at work -- Part III. Organizations practising care -- 'Being gentle' and being 'firm': an extended vocabulary of care as dynamic practice at work -- A serious matter: clowning as an ethical care practice -- Fusing care and control?: HR-managers' meanings of care at the workplace -- Unpacking the discourses of 'caring management': two cases to explore the conditions of an applied ethics of care -- Part IV. Caring pedagogies -- Feeling good and being inspired on campus: meaningful work in academia -- Research impact as care: re-conceptualizing research impact from an ethics of care perspective -- Supporting caring teachers in universities: an ethics of care perspective to the teacher-student relationship -- Do they care for the newcomers? Examining organizational reification within socialization processes through the lens of identity work -- Part V. Politics of care -- The work inclusion of people with disabilities in the hospitality industry: a process toward a good organisation? -- Care and compassion at work: theorizing from indigenous knowledges -- Shifting the care of corporate social responsibility to dynamics of solidarity to redress workplace inequality -- Taking care of everybody? Alternative forms of organizing, diversity and the caring organization. |
| 520 ## - SUMMARY, ETC. |
| Summary, etc. |
"Care is a human ability we all need for growing and flourishing. It implies considering the needs and interests of others, and the quality of how we relate to each other is often defined by care. While the value of care in private life is widely recognized, its role in the public sphere is contested and subject to political debates. In work organizations, instrumentality frequently overrides considerations for colleagues and coworker's wellbeing, while relationships are often sacrificed in the service of performance and meeting organizational targets. The questions this volume attempts to address concerns the organizational conditions that make care flourish and how a caring organization functions in practice. Specifically, we examine what it means to care for each other and what enhances caring behaviors in organizations. The volume ultimately focuses on how caring relations can contribute to making organizations better places. In this perspective, care involves the recognition of, and the limitations of, work as a key aspect of personal and social identity. Because care exceeds the sphere of individual intimacy, the book will also centre on the necessity for building caring institutions through a political process that considers the needs, contributions, and prospects of many different actors. This book aims to contribute to academic discussions on care in organizations, care work, business and organizational ethics, diversity, caring leadership, wellbeing in organizations, and research ethics. Managers, consultants, policy-makers, and students will find reflections about the goodness of care in organizations, and guidance about the ethical and practical difficulties of pursuing the project of building caring organizations"-- |
| Assigning source |
Provided by publisher. |
| 650 #0 - SUBJECT ADDED ENTRY--TOPICAL TERM |
| Topical term or geographic name entry element |
Quality of work life. |
| 650 #0 - SUBJECT ADDED ENTRY--TOPICAL TERM |
| Topical term or geographic name entry element |
Well-being. |
| 650 #0 - SUBJECT ADDED ENTRY--TOPICAL TERM |
| Topical term or geographic name entry element |
Organizational sociology. |
| 650 #0 - SUBJECT ADDED ENTRY--TOPICAL TERM |
| Topical term or geographic name entry element |
Organizational behavior. |
| 650 #0 - SUBJECT ADDED ENTRY--TOPICAL TERM |
| Topical term or geographic name entry element |
Business ethics. |
| 700 1# - ADDED ENTRY--PERSONAL NAME |
| Personal name |
Fotaki, Marianna, |
| Relator term |
editor. |
| 700 1# - ADDED ENTRY--PERSONAL NAME |
| Personal name |
Islam, Gazi, |
| Relator term |
editor. |
| 700 1# - ADDED ENTRY--PERSONAL NAME |
| Personal name |
Antoni, Anne, |
| Relator term |
editor. |
| 906 ## - LOCAL DATA ELEMENT F, LDF (RLIN) |
| a |
7 |
| b |
cbc |
| c |
orignew |
| d |
1 |
| e |
ecip |
| f |
20 |
| g |
y-gencatlg |
| 942 ## - ADDED ENTRY ELEMENTS (KOHA) |
| Source of classification or shelving scheme |
Dewey Decimal Classification |
| Koha item type |
Books |
| Edition |
23 |
| Classification part |
174.4 |
| Item part |
B964 |
| Call number prefix |
GRD |
| Call number suffix |
2020 |
| Suppress in OPAC |
No |